000 00846nam a22002657a 4500
001 000629
003 DO-SdBNP
005 20180202135136.0
007 000629
008 161101b 1960 sp a ||||| |||| 00| 0 spa d
040 _aBPMSU
_bspa
_cBPMSU
100 1 _aSégur, Sophie de
245 1 0 _aLa posada del ángel de la guarda /
_cCondesa de Ségur, Sofía Rostopchin ; versión española de Matilde Ras ; ilustraciones de Cerezo Vallejo.
250 _a3ª ed.
260 _aMadrid :
_bAguilar,
_c1960.
300 _a193 p. :
_bil. ;
_c18 cm.
490 1 _aLecturas Juveniles
700 1 2 _aRostopchin, Sofía
700 1 2 _aRas, Matilde,
_d1881-1969.
700 1 2 _aVallejo, Cerezo,
_eil.
830 0 _aLecturas Juveniles
942 _2ddc
_cBK
945 _aInventariado, 2018 /LP
956 _2LOPEREZ
_310
_620161101
_8BPMSU
_a00041
999 _c11748
_d11748